| 000 | 00000nam 2200000za 4500 |
| 001 | 9.837780 |
| 003 | CaOODSP |
| 005 | 20221107151224 |
| 007 | cr ||||||||||| |
| 008 | 170606s1959 onco o f000 0 eng d |
| 040 | |aCaOODSP|beng |
| 043 | |an-cn-on |
| 086 | 1 |aR77-10/1959E-PDF |
| 245 | 00|aProceedings of Homemakers Convention |h[electronic resource] : |bSouthern Ontario Region, Aug 11, 12, 13, 1959, Christian Island Reserve. |
| 260 | |a[Ottawa?] : |b[Department of Northern Affairs and National Resources], |c1959. |
| 300 | |a64 p. : |bphotos |
| 500 | |aTitle from cover. |
| 500 | |aDigitized edition from print [produced by Indigenous and Northern Affairs Canada]. |
| 520 | |aSummary report of the 14th Homemakers' Convention, Southern Ontario Region held at Christian Island Reserve, August 11, 12, & 13, 1959. |
| 692 | 07|2gccst|aAboriginal peoples |
| 692 | 07|2gccst|aHome economics |
| 692 | 07|2gccst|aConferences |
| 710 | 1 |aCanada.|bDepartment of Northern Affairs and National Resources. |
| 856 | 40|qPDF|s10.56 MB|uhttps://publications.gc.ca/collections/collection_2017/aanc-inac/R77-10-1959-eng.pdf |